Word Ladder: I Can't Help Myself Quiz Stats

 Plays Quiz Updated Aug 24, 2016

Challenge
Share
Tweet
Embed
Score 0/14 Timer 01:30
0 Plays Today
Clue 4-Letter Word % Correct
Shopping complexMALL
97.6%
Cost paid on the highwayTOLL
97%
A size at StarbucksTALL
96%
Nephew or grandfather, e.g.MALE
92.2%
Sports' no-noFOUL
91.8%
Burrowing mammalMOLE
91.1%
Throw easily to someoneTOSS
90.3%
Clue 4-Letter Word % Correct
★Spinning toys★★TOPS★
87.7%
To work hard or drudgeTOIL
87%
A weapon used in fencingFOIL
86%
Place for an aceHOLE
84.4%
★UK tea time, traditionally★★FOUR★
84.3%
Another term for nylonsHOSE
83.4%
Brother on 'Bonanza'HOSS
82.2%

Today's Daily Dose

Missing Word
Hayao Miyazaki

Word Ladder
Florida

On This Day
December 13th II

You're not logged in!

Compare scores with friends on all Sporcle quizzes.
OR
Log In

You Might Also Like...

Show Comments

Extras

Top Quizzes Today


Score Distribution

Your Account Isn't Verified!

In order to create a playlist on Sporcle, you need to verify the email address you used during registration. Go to your Sporcle Settings to finish the process.

Report this User

Report this user for behavior that violates our Community Guidelines.

Details: